00877nam a2200253 i 450000100060000000300090000600500170001500700030003200800410003510000350007624500750011125000120018626000520019830000330025049000130028365000280029665000430032465100660036783000210043385200220045494200080047699900170048495201220050192314ES-MaACL20260526162927.0t|050224s1972 sp ||||1| spa d1 aLida, Clara E.,81941-924313410aAnarquismo y revolución en la España del XIX /cpor Clara E. Lida. a1ª ed. a[Madrid] :bSiglo Veintiuno de España,c1972. a334 p. :b24 lám ;c21 cm.1 aHistoria 7aAnarquismo2embne99783 4aAnarquismo-zEspaña-yS.XIX.9171717 4aEspaña-xHistoria-y1868-1874, Sexenio revolucionario982601 aHistoria9177536 aES-MaACLjC-45251 2udc c92314d92314 00104070aATENEOMbATENEOMcDEPO2d2008-01-17eSCl0oC-45251p1096377r2023-02-23 00:00:00w2023-02-23yMONOGRAFIA